[Event "Canadian Open ch 2007"]
[Site "Ottawa CAN"]
[Date "2007.07.11"]
[Round "6"]
[White "Guo, Josh"]
[Black "Barron, Michael"]
[Result "1-0"]
[WhiteElo "2212"]
[BlackElo "2305"]
[PlyCount "127"]
[EventDate "2007.07.07"]
[EventType "swiss"]
[EventRounds "9"]
[EventCountry "CAN"]
[Source "lmi"]
[SourceDate "2007.07.07"]

1. e4 e5 2. Nf3 Nc6 3. Bb5 a6 4. Bxc6 dxc6 5. O-O Qd6 6. d3 f6 7. Nbd2 Be6 8.
Nc4 Bxc4 9. dxc4 O-O-O 10. Qe2 g5 11. Be3 Ne7 12. Rfd1 Qe6 13. Rxd8+ Kxd8 14.
Rd1+ Kc8 15. Qd3 Bg7 16. Bxg5 fxg5 17. Nxg5 Qf6 18. Qd7+ Kb8 19. Ne6 Rc8 20.
Rd3 Bf8 21. Rf3 Qh6 22. h3 Ng6 23. Nd8 Nf4 24. Rb3 b5 25. Nxc6+ Kb7 26. cxb5
Nxh3+ 27. Rxh3 Qc1+ 28. Kh2 Qf4+ 29. Rg3 Qh6+ 30. Rh3 Qf4+ 31. Rg3 Qh6+ 32. Qh3
axb5 33. Qxh6 Bxh6 34. Rh3 Bc1 35. Ne7 Rh8 36. b3 h5 37. Nf5 b4 38. c3 Ra8 39.
cxb4 Rxa2 40. f3 Bf4+ 41. Kg1 Ra1+ 42. Kf2 Ra2+ 43. Kf1 Ra1+ 44. Kf2 Ra2+ 45.
Kf1 Ra1+ 46. Ke2 Ra2+ 47. Kd3 Rxg2 48. Rxh5 Rf2 49. Rh3 Kb6 50. Ne7 c6 51. Ng6
Bh2 52. Rxh2 Rxh2 53. Nxe5 Kb5 54. Kd4 Rf2 55. Ke3 Rb2 56. Nd3 Rxb3 57. Kd4 Ra3
58. e5 Ra8 59. e6 Rd8+ 60. Ke4 Rd6 61. Nc5 Rd8 62. Nb7 Rb8 63. e7 Kxb4 64. Nd8
1-0

[Event "Canadian Open ch 2007"]
[Site "Ottawa CAN"]
[Date "2007.07.11"]
[Round "6"]
[White "Armstrong, Robert"]
[Black "Inigo, Aquino"]
[Result "0-1"]
[WhiteElo "1763"]
[BlackElo "1995"]
[PlyCount "79"]
[EventDate "2007.07.07"]
[EventType "swiss"]
[EventRounds "9"]
[EventCountry "CAN"]
[Source "lmi"]
[SourceDate "2007.07.07"]

1. d4 d5 2. c4 e6 3. e3 Nf6 4. Nf3 Be7 5. Bd3 O-O 6. O-O b6 7. Nc3 Bb7 8. cxd5
Nxd5 9. Nxd5 Bxd5 10. e4 Bb7 11. Bf4 c5 12. dxc5 Bxc5 13. Qe2 Qe7 14. Rfd1 Nc6
15. a3 a5 16. Rd2 e5 17. Be3 Rfd8 18. Bxc5 Qxc5 19. Rad1 Nd4 20. Nxd4 Rxd4 21.
g3 Rad8 22. Kg2 Qd6 23. Qf3 Bxe4 24. Bxe4 Rxd2 25. Rxd2 Qxd2 26. Qf5 g6 27.
Qxe5 Qd4 28. Qe7 Qd6 29. Qb7 Qf6 30. Bd5 Re8 31. Bc6 Re2 32. Bf3 Rxb2 33. Qc8+
Kg7 34. Qd7 b5 35. Qa7 b4 36. axb4 axb4 37. Qe3 Qc3 38. Qb6 Rd2 39. Qa7 b3 40.
Bd5 0-1

[Event "Canadian Open ch 2007"]
[Site "Ottawa CAN"]
[Date "2007.07.11"]
[Round "6"]
[White "de la Paz, Frank"]
[Black "Kagramanov, Dalia"]
[Result "1-0"]
[WhiteElo "2452"]
[BlackElo "1774"]
[PlyCount "61"]
[EventDate "2007.07.07"]
[EventType "swiss"]
[EventRounds "9"]
[EventCountry "CAN"]
[Source "lmi"]
[SourceDate "2007.07.07"]

1. e4 c5 2. Nf3 d6 3. d4 cxd4 4. Nxd4 Nf6 5. Nc3 Nc6 6. Bg5 e6 7. Qd2 Be7 8.
O-O-O a6 9. f3 Qc7 10. h4 h6 11. Be3 b5 12. Nxc6 Qxc6 13. g4 Bd7 14. Kb1 b4 15.
Ne2 Rb8 16. Ng3 a5 17. g5 Ng8 18. Bd3 h5 19. f4 g6 20. f5 a4 21. fxg6 fxg6 22.
e5 dxe5 23. Bxg6+ Kd8 24. Rhf1 Qc7 25. Rf7 b3 26. cxb3 axb3 27. a3 Rb5 28. Be4
Ke8 29. Qf2 Rb8 30. Rf8+ Bxf8 31. Bg6+ 1-0

[Event "Canadian Open ch 2007"]
[Site "Ottawa CAN"]
[Date "2007.07.12"]
[Round "7"]
[White "Atalik, Suat"]
[Black "Howell, David"]
[Result "1-0"]
[WhiteElo "2564"]
[BlackElo "2519"]
[PlyCount "99"]
[EventDate "2007.07.07"]
[EventType "swiss"]
[EventRounds "9"]
[EventCountry "CAN"]
[Source "lmi"]
[SourceDate "2007.07.07"]

1. d4 Nf6 2. c4 g6 3. Nc3 d5 4. Nf3 Bg7 5. cxd5 Nxd5 6. e4 Nxc3 7. bxc3 c5 8.
Be3 Qa5 9. Qd2 Nc6 10. Rb1 O-O 11. Rb5 cxd4 12. Rxa5 dxe3 13. Qxe3 Nxa5 14. Nd4
Bd7 15. e5 Rfc8 16. f4 Rc7 17. Bb5 Nc6 18. Nxc6 Bxc6 19. Bxc6 Rxc6 20. Ke2 f6
21. Rd1 fxe5 22. Rd7 b6 23. Qd3 Rac8 24. Rxe7 Rxc3 25. Qd5+ Kh8 26. fxe5 Bh6
27. g3 Bg5 28. Rxa7 Rf8 29. Qe4 Re3+ 30. Qxe3 Bxe3 31. Kxe3 Kg8 32. Ra4 b5 33.
Rf4 Ra8 34. Rf2 Ra4 35. Kd3 Kg7 36. e6 Ra6 37. Re2 Rd6+ 38. Kc3 Kf8 39. e7+ Ke8
40. Re5 Rf6 41. Re2 Rd6 42. Kb4 Rd5 43. Ka5 Rf5 44. Kb6 b4 45. Kc6 Ra5 46. Kd6
Rb5 47. Rc2 Rb8 48. Rc6 Ra8 49. Ke6 Rb8 50. h4 1-0

[Event "Canadian Open ch 2007"]
[Site "Ottawa CAN"]
[Date "2007.07.12"]
[Round "7"]
[White "Miton, Kamil"]
[Black "Kunte, Abhijit"]
[Result "1-0"]
[WhiteElo "2648"]
[BlackElo "2519"]
[PlyCount "109"]
[EventDate "2007.07.07"]
[EventType "swiss"]
[EventRounds "9"]
[EventCountry "CAN"]
[Source "lmi"]
[SourceDate "2007.07.07"]

1. d4 Nf6 2. Nf3 e6 3. g3 b5 4. Qd3 Ba6 5. e4 d5 6. exd5 b4 7. Qb3 Bxf1 8. Kxf1
Qxd5 9. Qxd5 Nxd5 10. a3 c5 11. axb4 cxb4 12. c4 bxc3 13. bxc3 Nc6 14. Ke2 Be7
15. Kd3 O-O 16. Ba3 Rfd8 17. Nbd2 f6 18. Ne4 Rac8 19. Bxe7 Ndxe7 20. Ke2 h6 21.
Rhb1 Rc7 22. Nc5 Kf7 23. Rb7 Rxb7 24. Nxb7 Rd7 25. Nc5 Rd8 26. Nb7 Rd7 27. Na5
Nd8 28. Rb1 Ndc6 29. Ra1 Nd8 30. Nc4 Nd5 31. Nce5+ fxe5 32. Nxe5+ Ke7 33. Nxd7
Kxd7 34. Rxa7+ Nc7 35. f4 Nc6 36. Rb7 h5 37. Kd3 g6 38. c4 Kc8 39. Rb6 Kd7 40.
Ke4 Na5 41. Kd3 Nc6 42. Rb7 Kc8 43. Rb2 Kd7 44. Rb1 Ne8 45. d5 exd5 46. cxd5
Ne7 47. Kd4 Nc7 48. Ke5 Nexd5 49. Rd1 Kc6 50. Rd2 Ne7 51. Rd6+ Kc5 52. Rd7 Ned5
53. Rg7 Nb5 54. Rxg6 Nd4 55. Ke4 1-0

[Event "Canadian Open ch 2007"]
[Site "Ottawa CAN"]
[Date "2007.07.12"]
[Round "7"]
[White "Aveskulov, Valeriy"]
[Black "Shomoev, Anton"]
[Result "1/2-1/2"]
[WhiteElo "2539"]
[BlackElo "2561"]
[PlyCount "73"]
[EventDate "2007.07.07"]
[EventType "swiss"]
[EventRounds "9"]
[EventCountry "CAN"]
[Source "lmi"]
[SourceDate "2007.07.07"]

1. e4 c5 2. Nf3 d6 3. d4 cxd4 4. Nxd4 Nf6 5. Nc3 a6 6. Be2 e6 7. O-O Be7 8. f4
O-O 9. Kh1 Qc7 10. Qe1 b5 11. Bf3 Bb7 12. e5 Ne8 13. Qg3 Nc6 14. Be3 Rd8 15. f5
Nxd4 16. Bxd4 exf5 17. Rae1 dxe5 18. Bxe5 Bd6 19. Bxb7 Bxe5 20. Rxe5 Qxb7 21.
Rexf5 b4 22. Nd1 Nd6 23. R5f4 Rfe8 24. Ne3 Re4 25. h3 Rde8 26. Rxe4 Nxe4 27.
Qf4 h6 28. Rd1 Qb6 29. Rf1 Qe6 30. Kh2 Qxa2 31. b3 Nf6 32. Nd5 Qxc2 33. Nxf6+
gxf6 34. Rf3 Kh7 35. Qxf6 Qc7+ 36. Kg1 Qc1+ 37. Kh2 1/2-1/2

[Event "Canadian Open ch 2007"]
[Site "Ottawa CAN"]
[Date "2007.07.12"]
[Round "7"]
[White "Hoang Thong, Tu"]
[Black "Rychagov, Andrey"]
[Result "1-0"]
[WhiteElo "2483"]
[BlackElo "2557"]
[PlyCount "87"]
[EventDate "2007.07.07"]
[EventType "swiss"]
[EventRounds "9"]
[EventCountry "CAN"]
[Source "lmi"]
[SourceDate "2007.07.07"]

1. e4 e6 2. d4 d5 3. Nc3 Bb4 4. exd5 exd5 5. Bd3 Nc6 6. a3 Bxc3+ 7. bxc3 Be6 8.
Qf3 Nge7 9. Ne2 Qd7 10. O-O O-O-O 11. a4 Bf5 12. Ng3 Be6 13. a5 h5 14. h4 f6
15. a6 Bg4 16. axb7+ Kb8 17. Qf4 g5 18. Qxf6 Rhg8 19. Ba3 Rdf8 20. Qh6 Re8 21.
Bb5 Rg6 22. Qh7 Reg8 23. Qxe7 Qxe7 24. Bxe7 Nxe7 25. f3 Bh3 26. Bd3 Rh6 27.
hxg5 Rxg5 28. gxh3 h4 29. f4 Rxg3+ 30. Kh2 Kxb7 31. f5 Rf6 32. Rfb1+ Ka8 33.
Re1 Rg7 34. Re6 Rgf7 35. Rxf6 Rxf6 36. Re1 Nc8 37. Re5 Rd6 38. Kg2 Kb7 39. Kf3
a5 40. Kg4 a4 41. Kxh4 Nb6 42. Kg5 Nd7 43. Re1 c5 44. Bb5 1-0

[Event "Canadian Open ch 2007"]
[Site "Ottawa CAN"]
[Date "2007.07.12"]
[Round "7"]
[White "Likavsky, Tomas"]
[Black "Cheng, Bindi"]
[Result "1/2-1/2"]
[WhiteElo "2494"]
[BlackElo "2238"]
[PlyCount "72"]
[EventDate "2007.07.07"]
[EventType "swiss"]
[EventRounds "9"]
[EventCountry "CAN"]
[Source "lmi"]
[SourceDate "2007.07.07"]

1. d4 d5 2. c4 c6 3. Nf3 Nf6 4. e3 Bf5 5. Nc3 e6 6. Nh4 Bg6 7. Be2 Nbd7 8. O-O
Bd6 9. g3 dxc4 10. Bxc4 Bh5 11. Be2 Bxe2 12. Qxe2 c5 13. dxc5 Bxc5 14. e4 O-O
15. Rd1 Qe7 16. e5 Ne8 17. Ne4 Bb6 18. Bg5 f6 19. exf6 gxf6 20. Nf5 exf5 21.
Nxf6+ Qxf6 22. Bxf6 Ndxf6 23. Qe6+ Rf7 24. Qxf5 Ng7 25. Qf3 Re8 26. Qb3 Nf5 27.
Qb5 Nd4 28. Qc4 Re4 29. Kg2 Nc6 30. Qc2 Rfe7 31. h3 Kg7 32. Rd2 Nd4 33. Qc8 Rc7
34. Qd8 Rd7 35. Qb8 Rc7 36. Qd8 Rd7 1/2-1/2

[Event "Canadian Open ch 2007"]
[Site "Ottawa CAN"]
[Date "2007.07.12"]
[Round "7"]
[White "Plotkin, Victor"]
[Black "Sambuev, Bator"]
[Result "0-1"]
[WhiteElo "2253"]
[BlackElo "2482"]
[PlyCount "126"]
[EventDate "2007.07.07"]
[EventType "swiss"]
[EventRounds "9"]
[EventCountry "CAN"]
[Source "lmi"]
[SourceDate "2007.07.07"]

1. e4 e6 2. d4 d5 3. exd5 exd5 4. Bd3 c5 5. Nf3 c4 6. Be2 Nf6 7. b3 cxb3 8.
axb3 Bd6 9. O-O O-O 10. Bg5 Nc6 11. c4 h6 12. Bh4 Bb4 13. cxd5 Nb8 14. Bxf6
Qxf6 15. Nbd2 Bf5 16. Nc4 Be4 17. Ne3 Nd7 18. Bd3 Rfe8 19. Bxe4 Rxe4 20. Qd3
Re7 21. d6 Ree8 22. Qb5 Qxd6 23. Nc4 Qe7 24. Qxb7 a5 25. Qd5 Nf6 26. Qf5 Rad8
27. Rfd1 Rd5 28. Qd3 Qb7 29. Ra2 Ne4 30. Re2 Rdd8 31. h3 Re6 32. Re3 Qd5 33.
Qc2 Rc8 34. Qd3 a4 35. Rxe4 Qxe4 36. Qxe4 Rxe4 37. Nb6 Rc2 38. bxa4 Ree2 39.
Rf1 Ra2 40. Ne5 Red2 41. Nc6 Bd6 42. Nc4 Rdc2 43. Nxd6 Rxc6 44. Nf5 Rcc2 45.
Ne3 Rd2 46. d5 Rxa4 47. g3 Raa2 48. Kg2 g6 49. Kf3 Kg7 50. h4 h5 51. Kg2 f6 52.
Kf3 g5 53. hxg5 fxg5 54. Kg2 Kf6 55. Kf3 Ra3 56. Ke4 g4 57. Ng2 Ra4+ 58. Ke3
Rxd5 59. Nf4 Re5+ 60. Kd2 h4 61. f3 Ra2+ 62. Kd3 Ra3+ 63. Kd2 Rxf3 0-1

[Event "Canadian Open ch 2007"]
[Site "Ottawa CAN"]
[Date "2007.07.12"]
[Round "7"]
[White "Reprintsev, Alexander"]
[Black "Jiang, Louie"]
[Result "1/2-1/2"]
[WhiteElo "2410"]
[BlackElo "2200"]
[PlyCount "97"]
[EventDate "2007.07.07"]
[EventType "swiss"]
[EventRounds "9"]
[EventCountry "CAN"]
[Source "lmi"]
[SourceDate "2007.07.07"]

1. e4 c5 2. b3 b6 3. Bb2 Bb7 4. Qe2 d6 5. f4 Nd7 6. Nf3 a6 7. Nc3 e6 8. O-O-O
b5 9. g4 Qa5 10. g5 Ne7 11. f5 e5 12. f6 Ng6 13. fxg7 Bxg7 14. Qe3 b4 15. Ne2
Qxa2 16. Ng3 Nb6 17. Nh5 Rg8 18. Nxg7+ Rxg7 19. h4 Rg8 20. Rh2 Bc6 21. d4 exd4
22. Nxd4 cxd4 23. Qxd4 Nc8 24. Qf6 Qa5 25. Bc4 Ra7 26. Rf2 Rf8 27. h5 Ne5 28.
Rxd6 Ng4 29. Rxc6 Nxf6 30. Rxc8+ Kd7 31. Rxf8 Qxg5+ 32. Kb1 Nxe4 33. R2xf7+ Kc6
34. Rf5 Qg1+ 35. Ka2 Rd7 36. Rf1 Qh2 37. Bd3 Nc3+ 38. Bxc3 bxc3 39. Rb8 Kc7 40.
Rbf8 Rxd3 41. R1f2 Rd2 42. Rxh2 Rxh2 43. Rf7+ Kb6 44. Rxh7 Rxc2+ 45. Ka3 Rh2
46. Rh8 Kb7 47. b4 c2 48. Kb2 Kb6 49. Rb8+ 1/2-1/2

[Event "Canadian Open ch 2007"]
[Site "Ottawa CAN"]
[Date "2007.07.12"]
[Round "7"]
[White "Gerzhoy, Leonid"]
[Black "Hum, Peter"]
[Result "1-0"]
[WhiteElo "2409"]
[BlackElo "2156"]
[PlyCount "137"]
[EventDate "2007.07.07"]
[EventType "swiss"]
[EventRounds "9"]
[EventCountry "CAN"]
[Source "lmi"]
[SourceDate "2007.07.07"]

1. Nf3 c5 2. c4 Nc6 3. Nc3 e5 4. g3 g6 5. Bg2 Bg7 6. d3 Nge7 7. O-O O-O 8. a3
d6 9. Rb1 a5 10. Ne1 Be6 11. Nd5 Rb8 12. Bg5 f6 13. Bd2 b5 14. Nc2 b4 15. axb4
axb4 16. Ra1 Qd7 17. Ra6 Rfd8 18. Qa1 Bf7 19. Qa4 Nxd5 20. Qxc6 Ne7 21. Qxd7
Rxd7 22. Rfa1 Be6 23. Ne3 Rbd8 24. Nd5 Kf7 25. Nb6 Rc7 26. Ra7 Rxa7 27. Rxa7
Kf8 28. Kf1 Nc8 29. Ra8 Ke7 30. Nd5+ Bxd5 31. Bxd5 Nb6 32. Rxd8 Kxd8 33. Bg8
Ke7 34. Bxh7 Kf7 35. h4 Bf8 36. h5 gxh5 37. Bf5 d5 38. b3 dxc4 39. dxc4 Na8 40.
Kg2 Nc7 41. Kh3 Ne8 42. Kh4 Ng7 43. e4 Bd6 44. Be3 Be7 45. f4 Bd6 46. Bc8 Be7
47. Kh3 Ne8 48. Bb7 exf4 49. gxf4 Ng7 50. Bd5+ Kf8 51. Kg2 Bd6 52. Kf3 Be7 53.
Bf2 Ne8 54. Bc6 Ng7 55. Bd7 Kf7 56. Bg3 Ne6 57. Bxe6+ Kxe6 58. f5+ Kd7 59. Kg2
Bd6 60. Bf2 Kc6 61. Kh3 Be5 62. Kh4 Kd6 63. Kxh5 Bd4 64. Bg3+ Ke7 65. Kg6 Bc3
66. Kg7 Ke8 67. Bf2 Bd4 68. Bxd4 cxd4 69. e5 1-0

[Event "Canadian Open ch 2007"]
[Site "Ottawa CAN"]
[Date "2007.07.12"]
[Round "7"]
[White "Vul, Arkady"]
[Black "Kaminski, Thomas"]
[Result "1-0"]
[WhiteElo "2312"]
[BlackElo "1982"]
[PlyCount "65"]
[EventDate "2007.07.07"]
[EventType "swiss"]
[EventRounds "9"]
[EventCountry "CAN"]
[Source "lmi"]
[SourceDate "2007.07.07"]

1. Nf3 Nf6 2. c4 g6 3. g3 Bg7 4. Bg2 d6 5. d4 O-O 6. O-O Nc6 7. Nc3 Bd7 8. b3
a6 9. e3 Rb8 10. Qe2 e5 11. dxe5 Nxe5 12. Nxe5 dxe5 13. Ba3 Re8 14. Rad1 Qc8
15. e4 b5 16. Bc5 b4 17. Nd5 Nxd5 18. exd5 e4 19. f3 exf3 20. Qxf3 f5 21. Ba7
Ra8 22. Bd4 Bf8 23. d6 c6 24. c5 a5 25. Rfe1 a4 26. bxa4 Rb8 27. Qb3+ Be6 28.
Rxe6 Qxe6 29. Bxc6 Qxb3 30. axb3 Bg7 31. Bxe8 Rxe8 32. Bxg7 Kxg7 33. d7 1-0

[Event "Canadian Open ch 2007"]
[Site "Ottawa CAN"]
[Date "2007.07.12"]
[Round "7"]
[White "de la Paz, Frank"]
[Black "Le Brun, Roger"]
[Result "1-0"]
[WhiteElo "2452"]
[BlackElo "1901"]
[PlyCount "71"]
[EventDate "2007.07.07"]
[EventType "swiss"]
[EventRounds "9"]
[EventCountry "CAN"]
[Source "lmi"]
[SourceDate "2007.07.07"]

1. e4 c5 2. Nf3 Nc6 3. Bb5 d6 4. O-O Bd7 5. Re1 g6 6. c3 e5 7. d4 Qc7 8. h3 a6
9. Bf1 Bg7 10. Be3 Nd8 11. Nbd2 Nf6 12. b4 Ne6 13. bxc5 exd4 14. cxd4 dxc5 15.
Rc1 b6 16. d5 Nd8 17. Nc4 O-O 18. e5 Ne8 19. Ncd2 Nb7 20. Ne4 Bxe5 21. Nxe5
Qxe5 22. Bh6 Ng7 23. Nxc5 Qxe1 24. Qxe1 Nxc5 25. Qe5 f6 26. Qc7 Rf7 27. Qxb6
Na4 28. Qb7 Re8 29. Bxg7 Kxg7 30. Qxa6 Re4 31. Bb5 Rd4 32. Qa7 Rxd5 33. Bxa4
Bxh3 34. Rc7 Be6 35. Rxf7+ Bxf7 36. Bb3 1-0

[Event "Canadian Open ch 2007"]
[Site "Ottawa CAN"]
[Date "2007.07.12"]
[Round "7"]
[White "Demmery, Steve"]
[Black "Bradford, Joe"]
[Result "0-1"]
[WhiteElo "2124"]
[BlackElo "2406"]
[PlyCount "65"]
[EventDate "2007.07.07"]
[EventType "swiss"]
[EventRounds "9"]
[EventCountry "CAN"]
[Source "lmi"]
[SourceDate "2007.07.07"]

1. d4 Nf6 2. c4 e6 3. g3 d5 4. Nf3 dxc4 5. Bg2 b5 6. Ne5 Nd5 7. a4 c6 8. O-O
Bb7 9. Nc3 a6 10. e4 Nf6 11. Be3 Nbd7 12. f4 Be7 13. Qe2 O-O 14. Rfd1 Qc7 15.
Kh1 Rad8 16. Bf3 b4 17. Nb1 c5 18. Nd2 c3 19. bxc3 bxc3 20. Nxd7 Rxd7 21. e5
Nd5 22. Ne4 Nxe3 23. Qxe3 cxd4 24. Rxd4 Rxd4 25. Qxd4 c2 26. Qb2 Rb8 27. Qc1
Bd5 28. Kg2 Qc4 29. Nf2 Bxf3+ 30. Kxf3 Qc3+ 31. Kg2 Qxa1 32. Qxa1 Rb1 33. Qxb1
0-1

[Event "Canadian Open ch 2007"]
[Site "Ottawa CAN"]
[Date "2007.07.12"]
[Round "7"]
[White "Rensch, Daniel"]
[Black "Qin, Zi Yi"]
[Result "1-0"]
[WhiteElo "2400"]
[BlackElo "2089"]
[PlyCount "83"]
[EventDate "2007.07.07"]
[EventType "swiss"]
[EventRounds "9"]
[EventCountry "CAN"]
[Source "lmi"]
[SourceDate "2007.07.07"]

1. e4 c5 2. Nf3 d6 3. d4 cxd4 4. Nxd4 Nf6 5. Nc3 a6 6. Be3 e5 7. Nb3 Be6 8. f3
Be7 9. Qd2 h5 10. O-O-O Nbd7 11. h3 Rc8 12. Bd3 h4 13. Kb1 b5 14. f4 Qc7 15.
Qf2 Nh5 16. f5 Bc4 17. Rhe1 Ng3 18. a3 Nf6 19. Qf3 Qb8 20. Bg5 b4 21. axb4 Bxb3
22. cxb3 Qxb4 23. Bxa6 Ra8 24. Bxf6 gxf6 25. Nd5 Qb8 26. Rc1 Bd8 27. Rc8 Qa7
28. Nc7+ Ke7 29. Rxa8 Qxc7 30. Qe3 Qc6 31. Qa7+ Qd7 32. Bc4 Rh7 33. Qxd7+ Kxd7
34. Ra7+ Ke8 35. Bd5 Nh5 36. Bc6+ Kf8 37. Ra8 Ke7 38. Rd1 Nf4 39. b4 Nxg2 40.
b5 Ne3 41. b6 Nxd1 42. b7 1-0

[Event "Canadian Open ch 2007"]
[Site "Ottawa CAN"]
[Date "2007.07.12"]
[Round "7"]
[White "Mikanovic, Goran"]
[Black "Brousseau, Yvan"]
[Result "1-0"]
[WhiteElo "2325"]
[BlackElo "2084"]
[PlyCount "49"]
[EventDate "2007.07.07"]
[EventType "swiss"]
[EventRounds "9"]
[EventCountry "CAN"]
[Source "lmi"]
[SourceDate "2007.07.07"]

1. d4 b6 2. e4 Bb7 3. Bd3 Nf6 4. Qe2 e6 5. Nf3 d6 6. O-O Be7 7. c4 Nbd7 8. Nc3
c5 9. Bc2 a6 10. Re1 Qc7 11. e5 Ng4 12. d5 Ngxe5 13. Nxe5 dxe5 14. dxe6 fxe6
15. Qh5+ Kd8 16. Bg5 Nf6 17. Qh3 Bc8 18. Rad1+ Ke8 19. Bxf6 Bxf6 20. Ne4 Qe7
21. Rd6 Rb8 22. Red1 Qc7 23. Nxf6+ gxf6 24. Qh6 Rg8 25. Qxf6 1-0

[Event "Canadian Open ch 2007"]
[Site "Ottawa CAN"]
[Date "2007.07.12"]
[Round "7"]
[White "Michielsen, Joost"]
[Black "Bokhout, Peter"]
[Result "1/2-1/2"]
[WhiteElo "2314"]
[BlackElo "2082"]
[PlyCount "82"]
[EventDate "2007.07.07"]
[EventType "swiss"]
[EventRounds "9"]
[EventCountry "CAN"]
[Source "lmi"]
[SourceDate "2007.07.07"]

1. e4 e5 2. Nf3 Nc6 3. Bb5 a6 4. Ba4 Nf6 5. O-O b5 6. Bb3 Bc5 7. a4 Rb8 8. Nxe5
Nxe5 9. d4 Bxd4 10. Qxd4 Nc6 11. Qc3 b4 12. Qg3 O-O 13. Re1 d6 14. Bh6 Nh5 15.
Qf3 Qh4 16. g3 Ne5 17. Qe2 Qh3 18. Nd2 gxh6 19. f4 Bg4 20. Qf2 Nd7 21. Bc4 Be6
22. Bf1 Qg4 23. Be2 Qh3 24. Bf1 Qg4 25. Be2 Qh3 26. f5 Ne5 27. fxe6 fxe6 28.
Qg2 Qxg2+ 29. Kxg2 Nf6 30. Bxa6 Nfg4 31. Re2 Rb6 32. Bc4 Nxc4 33. Nxc4 Rc6 34.
h3 Rxc4 35. hxg4 Rc6 36. Rh1 Kg7 37. Rh5 Ra6 38. b3 c5 39. e5 d5 40. Rf2 Rxf2+
41. Kxf2 Kg6 1/2-1/2

[Event "Canadian Open ch 2007"]
[Site "Ottawa CAN"]
[Date "2007.07.12"]
[Round "7"]
[White "Begoray, David"]
[Black "Day, Lawrence"]
[Result "1/2-1/2"]
[WhiteElo "2063"]
[BlackElo "2280"]
[PlyCount "97"]
[EventDate "2007.07.07"]
[EventType "swiss"]
[EventRounds "9"]
[EventCountry "CAN"]
[Source "lmi"]
[SourceDate "2007.07.07"]

1. d4 c5 2. d5 e5 3. e4 d6 4. Nc3 g6 5. Bd3 Bg7 6. Nge2 Nh6 7. Ng3 a6 8. a4 Qh4
9. Bxh6 Bxh6 10. O-O O-O 11. a5 Nd7 12. Ra3 Nf6 13. Be2 Ng4 14. Bxg4 Bxg4 15.
Qd3 Bd7 16. Rb3 Rab8 17. Rb6 Qe7 18. Re1 f5 19. Nf1 Rfc8 20. Nd2 Bxd2 21. Qxd2
c4 22. f4 Qf8 23. exf5 Bxf5 24. fxe5 dxe5 25. d6 Rc5 26. Nd5 Qg7 27. Ne7+ Kh8
28. Qb4 Rb5 29. Rxb5 axb5 30. Qxb5 Bxc2 31. Qxe5 Rd8 32. Qd5 Qxb2 33. Qxc4 Bb3
34. Qb4 Rf8 35. Qh4 Kg7 36. d7 Qd2 37. Nc8 g5 38. Qg3 Qxa5 39. Qe5+ Qxe5 40.
Rxe5 Ba4 41. Nb6 Bc6 42. Rxg5+ Kf6 43. h4 Ke6 44. Rg7 Be4 45. Nc8 Kf6 46. Re7
Bc6 47. Rxh7 Ke6 48. Re7+ Kf6 49. Rh7 1/2-1/2

[Event "Canadian Open ch 2007"]
[Site "Ottawa CAN"]
[Date "2007.07.12"]
[Round "7"]
[White "Sundar, Avinaash"]
[Black "Predescu, Sebastian"]
[Result "0-1"]
[WhiteElo "2081"]
[BlackElo "2277"]
[PlyCount "66"]
[EventDate "2007.07.07"]
[EventType "swiss"]
[EventRounds "9"]
[EventCountry "CAN"]
[Source "lmi"]
[SourceDate "2007.07.07"]

1. c4 g6 2. Nc3 Bg7 3. g3 d6 4. Bg2 c5 5. Nf3 Nc6 6. O-O Rb8 7. d3 Bg4 8. Rb1
Qd7 9. Re1 a6 10. Nd5 Nf6 11. a3 Nxd5 12. cxd5 Nd4 13. e3 Nxf3+ 14. Bxf3 h5 15.
h4 g5 16. Bxg4 hxg4 17. hxg5 Qf5 18. e4 Qh7 19. Kf1 Qh1+ 20. Ke2 Qf3+ 21. Kd2
Qxf2+ 22. Re2 Qxg3 23. Kc2 Bd4 24. Qf1 c4 25. dxc4 Rh3 26. Rg2 Qb3+ 27. Kd2
Qe3+ 28. Kd1 Qxe4 29. Ra1 Rc8 30. Bd2 Bxb2 31. Ra2 Qb1+ 32. Ke2 Qxa2 33. Rxg4
Rh2+ 0-1

[Event "Canadian Open ch 2007"]
[Site "Ottawa CAN"]
[Date "2007.07.12"]
[Round "7"]
[White "van Dijk, Timon"]
[Black "Pepin, Christian"]
[Result "1-0"]
[WhiteElo "2274"]
[BlackElo "2034"]
[PlyCount "73"]
[EventDate "2007.07.07"]
[EventType "swiss"]
[EventRounds "9"]
[EventCountry "CAN"]
[Source "lmi"]
[SourceDate "2007.07.07"]

1. e4 c6 2. Ne2 e5 3. d4 exd4 4. Nxd4 d5 5. exd5 cxd5 6. Bb5+ Bd7 7. O-O Be7 8.
Re1 Nc6 9. Nc3 Nf6 10. Bf4 O-O 11. a3 Rc8 12. Nb3 Be6 13. h3 h6 14. Ne2 a6 15.
Bd3 Bd6 16. Bxd6 Qxd6 17. Ned4 Ne5 18. Nf5 Qc7 19. Nbd4 Nxd3 20. Qxd3 Ne4 21.
c3 Qf4 22. Ne7+ Kh8 23. Qf3 Qxf3 24. gxf3 Ng5 25. Nxc8 Nxh3+ 26. Kg2 Bxc8 27.
Kg3 Ng5 28. Re5 Rd8 29. Rd1 Ne6 30. Nb3 Nc7 31. Re7 Ne8 32. Rxf7 Nd6 33. Rc7
Rf8 34. Nd4 Nc4 35. b3 Nd6 36. Re1 b5 37. Ree7 1-0

[Event "Canadian Open ch 2007"]
[Site "Ottawa CAN"]
[Date "2007.07.12"]
[Round "7"]
[White "Henry, Liam"]
[Black "Cliff, Scott"]
[Result "1-0"]
[WhiteElo "2274"]
[BlackElo "2024"]
[PlyCount "67"]
[EventDate "2007.07.07"]
[EventType "swiss"]
[EventRounds "9"]
[EventCountry "CAN"]
[Source "lmi"]
[SourceDate "2007.07.07"]

1. e4 c6 2. d4 d5 3. Nc3 dxe4 4. Nxe4 Nd7 5. Ng5 Ngf6 6. Bd3 e6 7. N1f3 Bd6 8.
Qe2 h6 9. Ne4 Nxe4 10. Qxe4 Qc7 11. Bd2 b6 12. O-O-O Bb7 13. Qe2 O-O-O 14. Kb1
Kb8 15. Rhe1 Ka8 16. Ne5 Nf6 17. f4 c5 18. dxc5 Bxc5 19. g4 Rhe8 20. g5 Nd5 21.
a3 hxg5 22. fxg5 Bd6 23. g6 f6 24. Nf7 Rd7 25. c4 Nf4 26. Bxf4 Bxf4 27. Be4
Rxf7 28. Bxb7+ Qxb7 29. gxf7 Rf8 30. Qxe6 Rxf7 31. Rd8+ Bb8 32. Qd6 Qc7 33.
Qd5+ Qb7 34. Ree8 1-0

[Event "Canadian Open ch 2007"]
[Site "Ottawa CAN"]
[Date "2007.07.12"]
[Round "7"]
[White "Peev, Pavel"]
[Black "Tayar, Jonathan"]
[Result "0-1"]
[WhiteElo "2016"]
[BlackElo "2271"]
[PlyCount "60"]
[EventDate "2007.07.07"]
[EventType "swiss"]
[EventRounds "9"]
[EventCountry "CAN"]
[Source "lmi"]
[SourceDate "2007.07.07"]

1. e4 c5 2. Nf3 d6 3. d4 Nf6 4. Nc3 cxd4 5. Nxd4 a6 6. Be2 e5 7. Nb3 Be7 8. O-O
O-O 9. Kh1 b6 10. f4 Nbd7 11. f5 Bb7 12. Bf3 Rc8 13. Qe2 b5 14. g4 b4 15. Nd1
d5 16. exd5 Nxd5 17. Qg2 N7b6 18. g5 Kh8 19. c3 Ba8 20. h4 Rc4 21. Qh3 bxc3 22.
bxc3 Nf4 23. Bxf4 Rxf4 24. Nb2 Ba3 25. Rab1 Bxb2 26. Rxb2 Nc4 27. Rbf2 Ne3 28.
Rd2 Qc8 29. Rff2 Ng4 30. Rf1 Qxf5 0-1

[Event "Canadian Open ch 2007"]
[Site "Ottawa CAN"]
[Date "2007.07.12"]
[Round "7"]
[White "Voloaca, Mihnea"]
[Black "Oussedik, Elias"]
[Result "1-0"]
[WhiteElo "2263"]
[BlackElo "1965"]
[PlyCount "143"]
[EventDate "2007.07.07"]
[EventType "swiss"]
[EventRounds "9"]
[EventCountry "CAN"]
[Source "lmi"]
[SourceDate "2007.07.07"]

1. d4 e6 2. c4 d5 3. Nc3 c5 4. cxd5 exd5 5. Nf3 Nc6 6. g3 Nf6 7. Bg2 Be7 8. O-O
O-O 9. Bg5 cxd4 10. Nxd4 h6 11. Be3 Re8 12. h3 Be6 13. Rc1 Qd7 14. Nxe6 fxe6
15. Na4 b6 16. Kh2 Rad8 17. Qc2 Ne5 18. b3 Rc8 19. Qb2 Nf7 20. f4 Nd6 21. Nc3
b5 22. Rfd1 Bf8 23. Bd4 Qf7 24. Nb1 Nfe4 25. Nd2 Qg6 26. Nxe4 Nxe4 27. g4 h5
28. g5 Qf7 29. Be5 Nd6 30. Qb1 Nf5 31. Qd3 Bd6 32. g6 Qe7 33. Rxc8 Rxc8 34.
Bxd5 Rf8 35. Be4 Bxe5 36. fxe5 Qg5 37. Rf1 Qxg6 38. Rg1 Qh6 39. Kh1 Qf4 40. Bf3
Ng3+ 41. Kg2 Qxe5 42. h4 Nf5 43. Kh3 Qf4 44. Qe4 Qxe4 45. Bxe4 Nxh4 46. Bc6 Nf5
47. Bxb5 Kh7 48. Rc1 Rf7 49. Be8 Re7 50. Bxh5 Kh6 51. Bg4 Kg5 52. Bf3 g6 53.
Rg1+ Kf4 54. Rg4+ Ke3 55. Re4+ Kd2 56. Kg4 Kc2 57. Kg5 Kb2 58. Ra4 Ne3 59. Kxg6
Nd5 60. Ra5 Kc3 61. e4 Nb4 62. Kf6 Rh7 63. Kxe6 Nxa2 64. Rxa2 Kxb3 65. Ra5 Kb4
66. Ra1 a5 67. e5 a4 68. Kd6 a3 69. Bd5 Kb5 70. Rxa3 Kb6 71. Rb3+ Ka7 72. Rb7+
1-0